[Event "Metropolitano-ch"]
[Site "Buenos Aires"]
[Date "2000.06.24"]
[Round "4"]
[White "Ferrara, Alexis"]
[Black "Borghi, Humberto"]
[Result "1/2-1/2"]
[WhiteElo "2168"]
[BlackElo "2335"]
[PlyCount "55"]
[EventDate "2000.06.17"]
[EventType "swiss"]
[EventRounds "7"]
[EventCountry "ARG"]
[SourceTitle "EXT 2001"]
[Source "ChessBase"]
[SourceDate "2000.11.22"]
[SourceVersion "1"]
[SourceVersionDate "2000.11.22"]
[SourceQuality "1"]

1. d4 f5 2. Nf3 Nf6 3. g3 g6 4. Bg2 Bg7 5. c4 d6 6. 0-0 0-0 7. Nc3 Qe8 8. Nd5 Nxd5 9. cxd5 Qb5 10. Ng5 c6 11. a4 Qb4 12. e3 h6 13. Ne6 Bxe6 14. dxe6 d5 15. Bd2 Qd6 16. Qb3 b6 17. Rac1 Kh7 18. a5 b5 19. Rc2 Qxe6 20. Rfc1 Qd7 21. Bb4 Re8 22. Qa3 a6 23. h4 h5 24. Qd3 e6 25. Bc5 Bf8 26. b4 Bxc5 27. Rxc5 Ra7 28. f4 1/2-1/2

[Event "Metropolitano-ch"]
[Site "Buenos Aires"]
[Date "2000.??.??"]
[Round "6"]
[White "Altamirano, Benjamin"]
[Black "Borghi, Humberto"]
[Result "1-0"]
[WhiteElo "2234"]
[BlackElo "2335"]
[PlyCount "45"]
[EventDate "2000.06.17"]
[EventType "swiss"]
[EventRounds "7"]
[EventCountry "ARG"]
[SourceTitle "EXT 2001"]
[Source "ChessBase"]
[SourceDate "2000.11.22"]
[SourceVersion "1"]
[SourceVersionDate "2000.11.22"]
[SourceQuality "1"]

1. d4 f5 2. Nc3 d5 3. Bg5 Nf6 4. Bxf6 exf6 5. e3 c6 6. Bd3 Bd6 7. Qf3 g6 8. h3 Nd7 9. g4 fxg4 10. hxg4 Nf8 11. 0-0-0 Be6 12. Re1 Bb4 13. Nge2 Qe7 14. a3 Bxc3 15. Nxc3 0-0-0 16. Na4 Nd7 17. Qf4 Rde8 18. Kb1 Qd8 19. Rh6 Qc7 20. Reh1 b5 21. Nc5 Nf8 22. a4 a6 23. Nxa6 1-0

[Event "Metropolitano-ch"]
[Site "Buenos Aires"]
[Date "2000.??.??"]
[Round "2"]
[White "Suarez Munilla, Jose Luis"]
[Black "Borghi, Humberto"]
[Result "1/2-1/2"]
[WhiteElo "2240"]
[BlackElo "2335"]
[PlyCount "33"]
[EventDate "2000.06.17"]
[EventType "swiss"]
[EventRounds "7"]
[EventCountry "ARG"]
[SourceTitle "EXT 2001"]
[Source "ChessBase"]
[SourceDate "2000.11.22"]
[SourceVersion "1"]
[SourceVersionDate "2000.11.22"]
[SourceQuality "1"]

1. d4 f5 2. g3 g6 3. Bg2 Bg7 4. c4 Nf6 5. Nc3 0-0 6. Nh3 d6 7. d5 Qe8 8. Nf4 c6 9. 0-0 Bd7 10. e4 g5 11. Nfe2 Qg6 12. exf5 Bxf5 13. Nd4 Bg4 14. Qc2 Qxc2 15. Nxc2 h6 16. Re1 Rf7 17. f4 1/2-1/2

[Event "San Fernando op"]
[Site "San Fernando"]
[Date "1993.??.??"]
[Round "4"]
[White "Borghi, Humberto"]
[Black "Monetti, Carlos Alberto"]
[Result "1-0"]
[WhiteElo "2345"]
[BlackElo "2514"]
[PlyCount "59"]
[EventDate "1993.??.??"]
[EventType "swiss"]
[EventRounds "7"]
[EventCountry "ARG"]
[SourceTitle "EXT 1998"]
[Source "ChessBase"]
[SourceDate "1997.11.17"]
[SourceVersion "1"]
[SourceVersionDate "1997.11.17"]
[SourceQuality "1"]

1. e4 c5 2. Nf3 Nf6 3. d3 d6 4. g3 Nc6 5. Bg2 g6 6. 0-0 Bg7 7. Nc3 0-0 8. Ne1 Nd4 9. f4 Bg4 10. Qd2 Qd7 11. f5 gxf5 12. h3 fxe4 13. hxg4 Qxg4 14. Qg5 exd3 15. Qxg4 Nxg4 16. cxd3 Rab8 17. Bg5 Nf6 18. Nf3 Ne6 19. Bh4 b5 20. Rae1 Rfe8 21. Re2 b4 22. Bxf6 Bxf6 23. Nd5 Bg7 24. Bh3 Nd4 25. Rxe7 Rxe7 26. Nxe7+ Kf8 27. Ng5 f6 28. Nd5 f5 29. Bxf5 Nxf5 30. Rxf5+ 1-0

[Event "Buenos Aires op3"]
[Site "Buenos Aires"]
[Date "1993.??.??"]
[Round "6"]
[White "Borghi, Humberto"]
[Black "Romero, Luis D"]
[Result "0-1"]
[WhiteElo "2345"]
[BlackElo "1965"]
[PlyCount "60"]
[EventDate "1993.??.??"]
[EventType "swiss"]
[EventRounds "7"]
[EventCountry "ARG"]
[SourceTitle "EXT 2000"]
[Source "ChessBase"]
[SourceDate "1999.11.16"]
[SourceVersion "1"]
[SourceVersionDate "1999.11.16"]
[SourceQuality "1"]

1. e4 c5 2. Nf3 Nc6 3. Bb5 e6 4. Bxc6 dxc6 5. d3 Qc7 6. e5 Ne7 7. Bf4 Ng6 8. Bg3 b6 9. Nbd2 Ba6 10. Qe2 0-0-0 11. Ne4 h6 12. h4 Kb8 13. Nd6 Ka8 14. 0-0-0 f6 15. Nc4 Qd7 16. Rhe1 b5 17. h5 Ne7 18. Nd6 Nd5 19. Ne4 Qb7 20. c4 Nb6 21. b3 Be7 22. Nh4 Rd4 23. Nd6 Bxd6 24. exd6 bxc4 25. dxc4 Nxc4 26. Rxd4 cxd4 27. bxc4 Rb8 28. Qc2 Bxc4 29. Qxc4 Qb1+ 30. Kd2 Rb2+ 0-1

[Event "Buenos Aires op3"]
[Site "Buenos Aires"]
[Date "1993.??.??"]
[Round "4"]
[White "Borghi, Humberto"]
[Black "Soppe, Guillermo"]
[Result "1/2-1/2"]
[WhiteElo "2345"]
[BlackElo "2460"]
[PlyCount "97"]
[EventDate "1993.??.??"]
[EventType "swiss"]
[EventRounds "7"]
[EventCountry "ARG"]
[SourceTitle "EXT 2000"]
[Source "ChessBase"]
[SourceDate "1999.11.16"]
[SourceVersion "1"]
[SourceVersionDate "1999.11.16"]
[SourceQuality "1"]

1. e4 d5 2. exd5 Qxd5 3. Nc3 Qa5 4. d4 Nf6 5. Nf3 Bg4 6. h3 Bh5 7. Bd2 e6 8. g4 Bg6 9. Ne5 Nbd7 10. Nxg6 hxg6 11. Qf3 c6 12. 0-0-0 Bb4 13. Bc4 Nd5 14. Ne4 Bxd2+ 15. Rxd2 Qc7 16. Qa3 N7b6 17. Bxd5 cxd5 18. Nd6+ Kf8 19. Nxb7+ Kg8 20. Na5 Rc8 21. Kb1 Qf4 22. Qd3 g5 23. a3 Rh6 24. Qe3 Qxe3 25. fxe3 f6 26. Re2 f5 27. gxf5 exf5 28. Rf1 g6 29. Rf3 Kg7 30. Rg3 Kf6 31. Reg2 Rh5 32. b3 Rc7 33. Kb2 Nc8 34. c4 Nd6 35. c5 Ne4 36. Rf3 Rch7 37. c6 Rxh3 38. Rxh3 Rxh3 39. c7 Rh8 40. Nc6 Rc8 41. Nb4 a5 42. Nxd5+ Ke6 43. Nc3 Nxc3 44. Kxc3 Rxc7+ 45. Kd3 g4 46. b4 axb4 47. axb4 Kd5 48. Ra2 Rb7 49. Ra5+ 1/2-1/2

[Event "Buenos Aires op3"]
[Site "Buenos Aires"]
[Date "1993.??.??"]
[Round "5"]
[White "Hoffman, Alejandro"]
[Black "Borghi, Humberto"]
[Result "1-0"]
[WhiteElo "2450"]
[BlackElo "2345"]
[PlyCount "61"]
[EventDate "1993.??.??"]
[EventType "swiss"]
[EventRounds "7"]
[EventCountry "ARG"]
[SourceTitle "EXT 2000"]
[Source "ChessBase"]
[SourceDate "1999.11.16"]
[SourceVersion "1"]
[SourceVersionDate "1999.11.16"]
[SourceQuality "1"]

1. d4 f5 2. g3 g6 3. Bg2 Bg7 4. c3 Nf6 5. Qb3 Nc6 6. Nh3 e6 7. Nf4 e5 8. Bxc6 bxc6 9. dxe5 Ng4 10. e6 d5 11. c4 d4 12. 0-0 Qd6 13. c5 Qxc5 14. Bd2 Qb6 15. Qc2 0-0 16. Na3 Re8 17. Nc4 Qc5 18. b4 Qe7 19. Na5 Bxe6 20. Nxc6 Qd7 21. Rac1 Bf7 22. h4 Bf6 23. Rfd1 h6 24. Be1 g5 25. hxg5 hxg5 26. Ng2 Bd5 27. f3 Ne3 28. Nxe3 Rxe3 29. Nxd4 Bxd4 30. Rxd4 g4 31. Qd2 1-0

[Event "San Fernando op"]
[Site "San Fernando"]
[Date "1993.??.??"]
[Round "5"]
[White "Quinteros, Miguel Angel"]
[Black "Borghi, Humberto"]
[Result "1-0"]
[WhiteElo "2505"]
[BlackElo "2345"]
[PlyCount "95"]
[EventDate "1993.??.??"]
[EventType "swiss"]
[EventRounds "7"]
[EventCountry "ARG"]
[SourceTitle "EXT 1998"]
[Source "ChessBase"]
[SourceDate "1997.11.17"]
[SourceVersion "1"]
[SourceVersionDate "1997.11.17"]
[SourceQuality "1"]

1. c4 e5 2. g3 f5 3. Bg2 Nf6 4. e3 c6 5. Nc3 Na6 6. d4 e4 7. a3 d5 8. cxd5 cxd5 9. Nh3 Nc7 10. Bd2 Be7 11. Na4 0-0 12. Qb3 b6 13. Bf1 Bd7 14. Bb4 Qe8 15. Nc3 Kh8 16. Nf4 Bxb4 17. Qxb4 g5 18. Qd6 gxf4 19. Qxc7 fxe3 20. fxe3 f4 21. gxf4 Qh5 22. Be2 Bg4 23. Qe5 Bxe2 24. Nxe2 Qf3 25. Rg1 Rae8 26. Qg5 Rf7 27. Qh4 Rc8 28. Rd1 Rc2 29. Rd2 Rc6 30. Rg3 Qh1+ 31. Kf2 Rg7 32. Rxg7 Qf3+ 33. Ke1 Kxg7 34. Kd1 Qh1+ 35. Qe1 Qxh2 36. Nc3 Qh3 37. Qg1+ Ng4 38. Rg2 Rg6 39. Kd2 Nf6 40. Rxg6+ hxg6 41. Qg5 Qf1 42. Ne2 Qb1 43. f5 Qxb2+ 44. Ke1 Ne8 45. Qe7+ Kh6 46. Qxe8 gxf5 47. Qh8+ Kg5 48. Qg7+ 1-0

[Event "Buenos Aires Inauguracio op"]
[Site "Buenos Aires"]
[Date "1992.??.??"]
[Round "?"]
[White "Archangelsky, Mikhail"]
[Black "Borghi, Humberto"]
[Result "1-0"]
[WhiteElo "2215"]
[BlackElo "2345"]
[PlyCount "99"]
[EventDate "1992.05.??"]
[EventType "swiss"]
[EventRounds "7"]
[EventCountry "ARG"]
[SourceTitle "EXT 1997"]
[Source "ChessBase"]
[SourceDate "1996.11.15"]
[SourceVersion "1"]
[SourceVersionDate "1996.11.15"]
[SourceQuality "1"]

1. Nf3 f5 2. g3 Nf6 3. Bg2 g6 4. 0-0 Bg7 5. d4 0-0 6. Qd3 d6 7. Nbd2 Nc6 8. e4 fxe4 9. Nxe4 Nxe4 10. Qxe4 Bf5 11. Qh4 Qd7 12. c3 Rae8 13. Bh6 e6 14. Rfe1 Nd8 15. h3 Bxh6 16. Qxh6 Qg7 17. Qd2 Bxh3 18. Bxh3 Rxf3 19. Re2 c6 20. Rae1 Qf7 21. d5 cxd5 22. Qxd5 exd5 23. Rxe8+ Kg7 24. R1e7 Nc6 25. Rxf7+ Rxf7 26. Be6 Re7 27. Rg8+ Kf6 28. Bxd5 Re2 29. Rf8+ Kg7 30. Rf7+ Kh6 31. Rxb7 Ne5 32. b4 Rd2 33. Bg8 g5 34. Kf1 g4 35. Rxa7 Nf3 36. Rxh7+ Kg6 37. a4 Kf5 38. Bc4 Ne5 39. Be2 Rc2 40. Rf7+ Kg5 41. Rf4 Rc1+ 42. Kg2 Rxc3 43. a5 Rc2 44. Re4 Kf5 45. Re3 d5 46. Bd3+ Nxd3 47. Rxd3 Ke5 48. Ra3 Kd6 49. a6 Rc8 50. b5 1-0

[Event "Buenos Aires FEM"]
[Site "Buenos Aires"]
[Date "1990.??.??"]
[Round "3"]
[White "Bianchi, Guillermo"]
[Black "Borghi, Humberto"]
[Result "0-1"]
[WhiteElo "2415"]
[BlackElo "2320"]
[PlyCount "52"]
[EventDate "1990.??.??"]
[EventType "tourn"]
[EventRounds "9"]
[EventCountry "ARG"]
[EventCategory "4"]
[SourceTitle "EXT 2004"]
[Source "ChessBase"]
[SourceDate "2003.11.25"]
[SourceVersion "1"]
[SourceVersionDate "2003.11.25"]
[SourceQuality "1"]

1. e4 e5 2. Nf3 Nc6 3. Bc4 Bc5 4. c3 Qe7 5. 0-0 d6 6. b4 Bb6 7. d3 Nf6 8. a4 a6 9. Be3 Bxe3 10. fxe3 Be6 11. Bxe6 fxe6 12. Nbd2 0-0 13. Qb3 Kh8 14. d4 exd4 15. cxd4 d5 16. e5 Ng4 17. b5 Nb4 18. a5 axb5 19. h3 Nh6 20. Rfb1 c5 21. dxc5 Na6 22. Qxb5 Nxc5 23. Qb4 Nf5 24. Nb3 Rac8 25. Nxc5 Rxc5 26. Qxb7 Rc1+ 0-1

[Event "ARG-ch"]
[Site "San Luis"]
[Date "1990.??.??"]
[Round "10"]
[White "Borghi, Humberto"]
[Black "Adla, Diego Gustavo"]
[Result "1/2-1/2"]
[WhiteElo "2320"]
[BlackElo "2335"]
[PlyCount "63"]
[EventDate "1990.??.??"]
[EventType "tourn"]
[EventRounds "15"]
[EventCountry "ARG"]
[EventCategory "5"]
[SourceTitle "EXT 1997"]
[Source "ChessBase"]
[SourceDate "1996.11.15"]
[SourceVersion "1"]
[SourceVersionDate "1996.11.15"]
[SourceQuality "1"]

1. e4 e5 2. Nf3 Nf6 3. d4 Nxe4 4. Bd3 d5 5. Nxe5 Nd7 6. Nxd7 Bxd7 7. Nc3 Nxc3 8. bxc3 Qe7+ 9. Be3 Qh4 10. Qf3 c6 11. Rb1 b6 12. Bf4 Be7 13. c4 0-0 14. cxd5 cxd5 15. 0-0 Be6 16. Be5 Qg4 17. Qe3 Rfe8 18. h3 Qh4 19. Rfe1 Bf6 20. f4 Bxe5 21. fxe5 f5 22. Rf1 Rf8 23. Rf4 Qe7 24. h4 Rf7 25. Rbf1 Raf8 26. R1f3 Qa3 27. Qf2 Qxa2 28. Bxf5 Qa1+ 29. Kh2 Rxf5 30. Rxf5 Rxf5 31. Rxf5 Bxf5 32. Qxf5 1/2-1/2

[Event "Buenos Aires op"]
[Site "Buenos Aires"]
[Date "1990.??.??"]
[Round "8"]
[White "Borghi, Humberto"]
[Black "Cortes Moyano, Julio"]
[Result "1-0"]
[WhiteElo "2320"]
[BlackElo "2270"]
[PlyCount "79"]
[EventDate "1990.??.??"]
[EventType "swiss"]
[EventRounds "11"]
[EventCountry "ARG"]
[SourceTitle "EXT 1997"]
[Source "ChessBase"]
[SourceDate "1996.11.15"]
[SourceVersion "1"]
[SourceVersionDate "1996.11.15"]
[SourceQuality "1"]

1. e4 e5 2. Nf3 Nc6 3. Bb5 g6 4. d4 exd4 5. Bg5 f6 6. Bf4 d6 7. Nxd4 Bd7 8. Nc3 Bg7 9. 0-0 Nxd4 10. Qxd4 Bxb5 11. Nxb5 a6 12. Nc3 Ne7 13. Qc4 Qd7 14. Rfd1 Nc6 15. Nd5 Rd8 16. b4 b5 17. Qd3 Ne5 18. a4 Nc4 19. axb5 axb5 20. Ra7 Rc8 21. Ne3 Nxe3 22. Bxe3 Bf8 23. Qd5 Be7 24. Rda1 h6 25. R1a5 Rb8 26. f4 Bd8 27. h3 Ke7 28. f5 gxf5 29. exf5 h5 30. Bd4 Kf8 31. Ra3 Qf7 32. Qe4 Qe7 33. Qh4 Qe2 34. Re3 Qxc2 35. Bxf6 Qc1+ 36. Re1 Qxe1+ 37. Qxe1 Bxf6 38. Rxc7 Bd4+ 39. Kf1 Be5 40. Qe4 1-0

[Event "Buenos Aires BCA op"]
[Site "Buenos Aires"]
[Date "1990.??.??"]
[Round "4"]
[White "Borghi, Humberto"]
[Black "Lida Garcia, Fernando"]
[Result "1-0"]
[WhiteElo "2320"]
[BlackElo "2205"]
[PlyCount "79"]
[EventDate "1990.??.??"]
[EventType "swiss"]
[EventRounds "7"]
[EventCountry "ARG"]
[SourceTitle "EXT 2004"]
[Source "ChessBase"]
[SourceDate "2003.11.25"]
[SourceVersion "1"]
[SourceVersionDate "2003.11.25"]
[SourceQuality "1"]

1. e4 d5 2. exd5 Qxd5 3. Nc3 Qa5 4. d4 Nf6 5. Nf3 Bf5 6. Ne5 e6 7. Nc4 Qa6 8. Bf4 Qc6 9. Ne3 Bb4 10. Bc4 Be4 11. Qe2 0-0 12. 0-0 Bxc3 13. bxc3 Bd5 14. Bd3 Be4 15. c4 Qd7 16. Be5 Bxd3 17. cxd3 Qe7 18. Rab1 b6 19. Qf3 c6 20. Rfe1 Nbd7 21. Qxc6 Qa3 22. Bd6 Qxd3 23. Rbd1 Qe4 24. Qxe4 Nxe4 25. Bxf8 Kxf8 26. Ng4 Nd6 27. d5 e5 28. Nxe5 Nxe5 29. Rxe5 Nxc4 30. Rh5 h6 31. d6 f6 32. Rh4 Ne5 33. Rc1 Rd8 34. Rd4 Nd7 35. Rc7 a5 36. Kf1 f5 37. Rd1 Nf6 38. Rc2 Nd7 39. Re1 g6 40. Re6 1-0

[Event "ARG-ch"]
[Site "San Luis"]
[Date "1990.??.??"]
[Round "8"]
[White "Borghi, Humberto"]
[Black "Tempone, Marcelo"]
[Result "0-1"]
[WhiteElo "2320"]
[BlackElo "2390"]
[PlyCount "114"]
[EventDate "1990.??.??"]
[EventType "tourn"]
[EventRounds "15"]
[EventCountry "ARG"]
[EventCategory "5"]
[SourceTitle "EXT 1997"]
[Source "ChessBase"]
[SourceDate "1996.11.15"]
[SourceVersion "1"]
[SourceVersionDate "1996.11.15"]
[SourceQuality "1"]

1. e4 c5 2. Nf3 e6 3. d4 cxd4 4. Nxd4 Nc6 5. Nb5 d6 6. c4 Nf6 7. N5c3 Be7 8. Be2 0-0 9. 0-0 b6 10. Bf4 Bb7 11. Re1 a6 12. Nd2 Qc7 13. Rc1 Ne5 14. a3 Rac8 15. Bf1 Qb8 16. Bg3 Qa8 17. f4 Ng6 18. e5 dxe5 19. fxe5 Nd7 20. Qh5 Nc5 21. Nf3 h6 22. b4 Ne4 23. Nxe4 Bxe4 24. Qg4 Bf5 25. Qd4 a5 26. Qxb6 axb4 27. axb4 Rb8 28. Qe3 Bxb4 29. Red1 Rfc8 30. c5 Ne7 31. Rd6 Nd5 32. Qd4 Ba3 33. Ra1 Rb1 34. Bf2 Rxa1 35. Qxa1 Bxc5 36. Qxa8 Bxf2+ 37. Kxf2 Rxa8 38. Bc4 Nc3 39. Ke3 Ne4 40. Rd7 Nc5 41. Rc7 Ra3+ 42. Kd4 Nb3+ 43. Kc3 Na5+ 44. Kb4 Nxc4 45. Rxc4 Ra2 46. g4 Bd3 47. Rc8+ Kh7 48. Rc3 Be4 49. h3 Bd5 50. Kc5 g5 51. Kd6 Kg7 52. Nd4 Rd2 53. Kc5 Kg6 54. Rc1 Rd3 55. Rf1 Rxh3 56. Nb5 Rf3 57. Ra1 Rf4 0-1

[Event "Buenos Aires op"]
[Site "Buenos Aires"]
[Date "1990.??.??"]
[Round "3"]
[White "Borghi, Humberto"]
[Black "Van Riemsdijk, Herman Claudius"]
[Result "0-1"]
[WhiteElo "2320"]
[BlackElo "2400"]
[PlyCount "78"]
[EventDate "1990.??.??"]
[EventType "swiss"]
[EventRounds "11"]
[EventCountry "ARG"]
[SourceTitle "EXT 1997"]
[Source "ChessBase"]
[SourceDate "1996.11.15"]
[SourceVersion "1"]
[SourceVersionDate "1996.11.15"]
[SourceQuality "1"]

1. e4 e5 2. Nf3 Nc6 3. Bb5 a6 4. Bxc6 dxc6 5. 0-0 Bd6 6. d4 exd4 7. Qxd4 f6 8. Re1 Ne7 9. e5 fxe5 10. Nxe5 0-0 11. Bg5 Be6 12. Nc3 Qe8 13. Rad1 Qh5 14. Bxe7 Bxe7 15. Nd7 Bf6 16. Nxf6+ Rxf6 17. Re5 Qg6 18. Rde1 Raf8 19. Qe4 Bf5 20. Qc4+ Kh8 21. Re7 Bxc2 22. Qd4 Bf5 23. Qe5 Bd3 24. Re8 Rxf2 25. Rxf8+ Rxf8 26. h3 Qf5 27. Qg3 h6 28. Nd1 Rf7 29. Nf2 Bc4 30. Ng4 Qf4 31. Qc3 Bd5 32. Qc2 Qf5 33. Qd2 Kh7 34. Ne5 Rf6 35. Qe3 Bxa2 36. b3 Bxb3 37. Nf3 Bd5 38. Nd4 Qg5 39. Qd3+ Qg6 0-1

[Event "ARG-ch"]
[Site "San Luis"]
[Date "1990.??.??"]
[Round "11"]
[White "Bronstein, Luis Marcos"]
[Black "Borghi, Humberto"]
[Result "1/2-1/2"]
[WhiteElo "2390"]
[BlackElo "2320"]
[PlyCount "39"]
[EventDate "1990.??.??"]
[EventType "tourn"]
[EventRounds "15"]
[EventCountry "ARG"]
[EventCategory "5"]
[SourceTitle "EXT 1997"]
[Source "ChessBase"]
[SourceDate "1996.11.15"]
[SourceVersion "1"]
[SourceVersionDate "1996.11.15"]
[SourceQuality "1"]

1. d4 Nf6 2. c4 g6 3. Nc3 Bg7 4. e4 d6 5. Be2 0-0 6. Bg5 Nbd7 7. Qd2 e5 8. Nf3 exd4 9. Nxd4 c6 10. 0-0 Nc5 11. f3 Nfxe4 12. Nxe4 Nxe4 13. fxe4 Bxd4+ 14. Kh1 Qb6 15. Rad1 Be5 16. c5 dxc5 17. Bh6 Be6 18. Bxf8 Rxf8 19. b3 Qc7 20. h3 1/2-1/2

[Event "ARG-ch"]
[Site "San Luis"]
[Date "1990.??.??"]
[Round "12"]
[White "Fiorito, Fabian"]
[Black "Borghi, Humberto"]
[Result "1/2-1/2"]
[WhiteElo "2350"]
[BlackElo "2320"]
[PlyCount "61"]
[EventDate "1990.??.??"]
[EventType "tourn"]
[EventRounds "15"]
[EventCountry "ARG"]
[EventCategory "5"]
[SourceTitle "EXT 1997"]
[Source "ChessBase"]
[SourceDate "1996.11.15"]
[SourceVersion "1"]
[SourceVersionDate "1996.11.15"]
[SourceQuality "1"]

1. d4 f5 2. Nc3 d5 3. Bg5 Nf6 4. Bxf6 exf6 5. e3 c6 6. Bd3 g6 7. Qf3 Bb4 8. Nge2 Nd7 9. a3 Bd6 10. 0-0 Nf8 11. Nf4 Ne6 12. Nxe6 Bxe6 13. Ne2 Qc7 14. g3 Bf7 15. b3 h5 16. h4 b5 17. Rfc1 Qe7 18. a4 Ba3 19. Rd1 bxa4 20. bxa4 0-0 21. Nf4 Bd6 22. Rac1 Ba3 23. Ra1 Bd6 24. Rdc1 Ba3 25. Rcb1 Rab8 26. Rb3 Bd6 27. Rab1 a5 28. Qe2 Rxb3 29. cxb3 Rb8 30. Qc2 Be8 31. Kh2 1/2-1/2

[Event "Buenos Aires op"]
[Site "Buenos Aires"]
[Date "1990.??.??"]
[Round "5"]
[White "Soppe, Guillermo"]
[Black "Borghi, Humberto"]
[Result "1-0"]
[WhiteElo "2405"]
[BlackElo "2320"]
[PlyCount "53"]
[EventDate "1990.??.??"]
[EventType "swiss"]
[EventRounds "11"]
[EventCountry "ARG"]
[SourceTitle "EXT 1997"]
[Source "ChessBase"]
[SourceDate "1996.11.15"]
[SourceVersion "1"]
[SourceVersionDate "1996.11.15"]
[SourceQuality "1"]

1. d4 Nf6 2. c4 d6 3. Nc3 Nbd7 4. g3 g6 5. Bg2 Bg7 6. e3 0-0 7. Nge2 e5 8. b3 Nh5 9. g4 Qg5 10. Bf3 Qf6 11. Be4 exd4 12. exd4 c5 13. gxh5 cxd4 14. Nd5 Qh4 15. Ng3 Ne5 16. h6 Bh8 17. Bg2 d3 18. Ne4 Re8 19. Bg5 Nf3+ 20. Qxf3 Qxg5 21. 0-0 Qh4 22. Nef6+ Kf8 23. Nxh7+ Kg8 24. Ndf6+ Bxf6 25. Nxf6+ Kh8 26. Nxe8 Bf5 27. Nxd6 1-0

[Event "ARG-ch GEBA sf"]
[Site "Buenos Aires"]
[Date "1986.??.??"]
[Round "3"]
[White "Tovillas, Daniel R"]
[Black "Borghi, Humberto"]
[Result "1-0"]
[WhiteElo "2360"]
[BlackElo "2350"]
[PlyCount "57"]
[EventDate "1986.??.??"]
[EventType "tourn"]
[EventRounds "9"]
[EventCountry "ARG"]
[SourceTitle "EXT 2001"]
[Source "ChessBase"]
[SourceDate "2000.11.22"]
[SourceVersion "1"]
[SourceVersionDate "2000.11.22"]
[SourceQuality "1"]

1. e4 e5 2. Nf3 Nf6 3. d4 Nxe4 4. Bd3 d5 5. Nxe5 Bd6 6. 0-0 0-0 7. c4 Nc6 8. Nxc6 bxc6 9. c5 Be7 10. Nd2 Ng5 11. f4 Ne6 12. Nf3 Bf6 13. Be3 Rb8 14. Rf2 Bd7 15. Qc2 h6 16. Raf1 a5 17. Qd2 Rb4 18. Bb1 Qa8 19. Ne5 Bc8 20. a3 Rb5 21. Qd3 Re8 22. Ng4 Nf8 23. Nxf6+ gxf6 24. f5 Nh7 25. Bxh6 Kh8 26. Qg3 Rg8 27. Qxc7 Rb3 28. Re1 Qa6 29. Qxf7 1-0

[Event "Sao Paulo it"]
[Site "Sao Paulo"]
[Date "1983.03.??"]
[Round "7"]
[White "Borghi, Humberto"]
[Black "Carvalho, Herbert Abreu"]
[Result "1-0"]
[WhiteElo "2360"]
[BlackElo "2270"]
[PlyCount "65"]
[EventDate "1983.03.12"]
[EventType "tourn"]
[EventRounds "10"]
[EventCountry "BRA"]
[SourceTitle "EXT 2022"]
[Source "ChessBase"]
[SourceDate "2021.10.06"]
[SourceVersion "1"]
[SourceVersionDate "2021.10.06"]
[SourceQuality "1"]

1. e4 c5 2. Nf3 e6 3. d4 cxd4 4. Nxd4 a6 5. Bd3 Nc6 6. Nxc6 dxc6 7. Qe2 e5 8. Nd2 Bd6 9. Nc4 Bc7 10. a4 Nf6 11. Be3 Qe7 12. 0-0 Be6 13. f3 0-0 14. Qf2 Nd7 15. Rfd1 Rfd8 16. a5 h6 17. c3 Rac8 18. Bf1 Kh8 19. Ra4 f5 20. exf5 Bxf5 21. Rb4 e4 22. Rxb7 exf3 23. Qxf3 Be4 24. Qh3 Nc5 25. Rxd8+ Rxd8 26. Rxc7 Qxc7 27. Bxc5 Rd1 28. Qg4 Rxf1+ 29. Kxf1 Qf7+ 30. Ke1 Bd3 31. Ne3 Qa2 32. Bd4 Qb1+ 33. Qd1 1-0

[Event "ARG-ch58"]
[Site "Buenos Aires"]
[Date "1983.03.??"]
[Round "10"]
[White "Borghi, Humberto"]
[Black "Gomez Baillo, Jorge H"]
[Result "1-0"]
[WhiteElo "2360"]
[BlackElo "2330"]
[PlyCount "57"]
[EventDate "1983.03.??"]
[EventType "tourn"]
[EventRounds "13"]
[EventCountry "ARG"]
[EventCategory "3"]
[SourceTitle "MCD"]
[Source "ChessBase"]
[SourceDate "1999.07.01"]
[SourceVersion "1"]
[SourceVersionDate "1999.07.01"]
[SourceQuality "1"]

1. e4 c6 2. d4 d5 3. Nd2 dxe4 4. Nxe4 Nd7 5. Nf3 Ngf6 6. Nxf6+ Nxf6 7. Ne5 Be6 8. Be2 g6 9. 0-0 Bg7 10. c3 0-0 11. Re1 Nd7 12. Nd3 Bf5 13. Bg5 Re8 14. Bf1 Nf6 15. Ne5 Qc7 16. Bc4 Nd5 17. Bh4 Rad8 18. Qf3 Be6 19. Re2 Nf4 20. Re4 Bxc4 21. Nxc4 Nd5 22. Bg3 Qc8 23. Rae1 c5 24. Nd2 Rd7 25. Bh4 cxd4 26. c4 Nf6 27. Bxf6 Bh6 28. Qd3 Qc5 29. Rxd4 1-0

[Event "Sao Paulo it"]
[Site "Sao Paulo"]
[Date "1983.03.??"]
[Round "9"]
[White "Borghi, Humberto"]
[Black "Izquierdo, Daniel"]
[Result "0-1"]
[WhiteElo "2360"]
[BlackElo "2310"]
[PlyCount "86"]
[EventDate "1983.03.12"]
[EventType "tourn"]
[EventRounds "10"]
[EventCountry "BRA"]
[SourceTitle "EXT 2022"]
[Source "ChessBase"]
[SourceDate "2021.10.06"]
[SourceVersion "1"]
[SourceVersionDate "2021.10.06"]
[SourceQuality "1"]

1. e4 c5 2. Nf3 d6 3. Bb5+ Bd7 4. Bxd7+ Qxd7 5. c4 e5 6. d3 Nc6 7. Nc3 g6 8. a3 Bg7 9. Rb1 Nge7 10. b4 b6 11. Nd5 Nxd5 12. cxd5 Nd4 13. Nxd4 cxd4 14. b5 0-0 15. Bd2 Rfc8 16. 0-0 Rc5 17. Qb3 Rac8 18. Rfc1 Qc7 19. Rxc5 dxc5 20. Qc4 Bf6 21. a4 Bd8 22. a5 Rb8 23. Ra1 Be7 24. axb6 Qxb6 25. f4 Bd6 26. Ra6 Qc7 27. g3 Qd7 28. Rc6 h5 29. Kg2 exf4 30. Rxd6 f3+ 31. Kf2 Qh3 32. Ke1 Qxh2 33. Kd1 Qe2+ 34. Kc2 Kg7 35. Qxc5 f2 36. Qxd4+ Kg8 37. Rf6 Rc8+ 38. Kb3 Qd1+ 39. Ka3 Qxd2 40. Rxf2 Qa5+ 41. Qa4 Rc3+ 42. Kb2 Qxa4 43. Kxc3 Qxb5 0-1